Southville International School and Colleges
Your cart is empty.
  • Cart
  • Lists
    Public lists list_1 View all
    Your lists Log in to create your own lists
  • Log in to your account
  • Your cookies
  • Search history
Southville International School and Colleges
  • Advanced search
  • Recent comments
  • Most popular
  • Libraries

Log in to your account

Log in with GOOGLE


If you do not have an external account, but do have a local account, you can still log in:

  1. Home
  2. MARC view: Simplified and procedural handbook on income taxation /
Normal view MARC view ISBD view

Simplified and procedural handbook on income taxation / (Record no. 283721)

[ view plain ]
MARC details
000 -LEADER
fixed length control field 00858cam a2200253 a 4500
003 - CONTROL NUMBER IDENTIFIER
control field PILC
005 - DATE AND TIME OF LATEST TRANSACTION
control field 20150305083402.0
008 - FIXED-LENGTH DATA ELEMENTS--GENERAL INFORMATION
fixed length control field 100625s2008 ph b 000 0 eng
010 ## - LIBRARY OF CONGRESS CONTROL NUMBER
LC control number 2010338600
020 ## - INTERNATIONAL STANDARD BOOK NUMBER
International Standard Book Number 9789715848541
020 ## - INTERNATIONAL STANDARD BOOK NUMBER
International Standard Book Number 9789719924500
050 00 - LIBRARY OF CONGRESS CALL NUMBER
Classification number KPM 2832
Item number .Ad94 2012
100 1# - MAIN ENTRY--PERSONAL NAME
Personal name Aduana, Nick L.
245 10 - TITLE STATEMENT
Title Simplified and procedural handbook on income taxation /
Statement of responsibility, etc Nick L. Aduana.
246 30 - VARYING FORM OF TITLE
Title proper/short title Income taxation.
250 ## - EDITION STATEMENT
Edition statement 2nd ed.
260 ## - PUBLICATION, DISTRIBUTION, ETC. (IMPRINT)
Place of publication, distribution, etc Quezon City, Philippines :
Name of publisher, distributor, etc C & E Pub.,
Date of publication, distribution, etc 2012.
300 ## - PHYSICAL DESCRIPTION
Extent xxi, 746 pages :
Other physical details illustrations ;
Dimensions 22 cm.
500 ## - GENERAL NOTE
General note On cover: Simplified and procedural handbook on income taxation.
521 ## - TARGET AUDIENCE NOTE
Target audience note Business Administration
650 #0 - SUBJECT ADDED ENTRY--TOPICAL TERM
Topical term or geographic name as entry element Income tax
General subdivision Law ang legislation
Geographic subdivision Philippines.
740 0# - ADDED ENTRY--UNCONTROLLED RELATED/ANALYTICAL TITLE
Uncontrolled related/analytical title Simplified and procedural handbook on income taxation.
942 ## - ADDED ENTRY ELEMENTS (KOHA)
Source of classification or shelving scheme Library of Congress Classification
Koha item type Books
Holdings
Withdrawn status Lost status Source of classification or shelving scheme Damaged status Home library Current library Shelving location Date acquired Source of acquisition Total Checkouts Full call number Barcode Date last seen Date checked out Price effective from Koha item type
    Library of Congress Classification   College Library College Library Filipiniana Section 03/05/2015 Library Fund 1 KPM 2832 .Ad94 2012 C19109 05/08/2018 06/01/2015 03/05/2015 Books

Simplified and procedural handbook on income taxation /

APA

Aduana N. L., . (2012). Simplified and procedural handbook on income taxation. Quezon City, Philippines: C & E Pub.

Chicago

Aduana Nick L, . 2012. Simplified and procedural handbook on income taxation. Quezon City, Philippines: C & E Pub.

Harvard

Aduana N. L., . (2012). Simplified and procedural handbook on income taxation. Quezon City, Philippines: C & E Pub.

MLA

Aduana Nick L, . Simplified and procedural handbook on income taxation. Quezon City, Philippines: C & E Pub. 2012.

  • Place hold
  • Print
  • Cite
  • Add to your cart (remove)
  • Save record
    BIBTEX Dublin Core MARCXML MARC (non-Unicode/MARC-8) MARC (Unicode/UTF-8) MARC (Unicode/UTF-8, Standard) MODS (XML) RIS
  • More searches
    Search for this title in:
    Other Libraries (WorldCat) Other Databases (Google Scholar) Online Stores (Bookfinder.com) Open Library (openlibrary.org)

Exporting to Dublin Core...

SOUTHVILLE LIBRARY

Southville International School and Colleges Library

1281 Tropical Ave. Cor. Luxembourg St., BF Homes International, Las Pinas City

Tel. No. 8256374 / 252358 Loc. 117/146

Powered by Koha